Statistics for Countries That Produce the Most Waste

Click here to take the quiz!

General Stats

  • This quiz has been taken 60 times
  • The average score is 25 of 40

Answer Stats

Rank Country Urban Population % Correct
2United States242 Million229 Million
98%
19United States242 Million2.58
98%
1China1.4 Billion300 Million
97%
3India1.3 Million227 Million
93%
4Brazil209 Million63 Million
93%
6Germany82 Million51 Million
93%
7Russia144 Million48 Million
93%
11United Kingdom66 Million30 Million
91%
10France65 Million35 Million
91%
12Italy59 Million30 Million
91%
9Mexico129 Million39 Million
88%
8Japan127 Million45 Million
88%
5Indonesia264 Million59 Million
88%
14Canada37 Million27 Million
84%
19Spain46 Million21 Million
84%
13Turkey81 Million29 Million
78%
16Nigeria191 Million25 Million
72%
20Pakistan197 Million20 Million
71%
18Egypt95 Million21 Million
69%
17Bangladesh163 Million23 Million
62%
11Ireland2.6 Million3.58
60%
15Thailand69 Million25 Million
59%
18Switzerland5.5 Million2.61
55%
10New Zealand3.6 Million3.68
45%
13Bahamas252,6893.25
41%
7St. Lucia44,1194.35
40%
2Antigua and Barbuda24,9075.5
38%
6Barbados92,2894.75
38%
3St. Kitts and Nevis15,0695.45
38%
20Maldives70,8162.48
36%
17Grenada31,3242.71
36%
8Solomon Islands50,9924.3
33%
5Sri Lanka3 Million5.1
31%
12Vanuatu33,4303.28
31%
14Seychelles43,1722.98
31%
16Norway3.6 Million2.8
31%
4Guyana215,9465.33
28%
9Tonga22,1623.71
28%
15Belize124,2242.87
24%
1Kuwait2.7 Million5.72
24%

Score Distribution

Percentile by Number Answered

Percent of People with Each Score

Your Score History

You have not taken this quiz